• 首页
  • 本馆介绍
  • 公告通知
  • 最新文献
  • 馆藏检索
  • 电子资源
  • 读者导购
  • 参考咨询
  • 我的图书馆
  • 登录
  • 详细信息显示
  • 放入我的书架
  • 预约/预借图书
  • 作者相关作品
  • 分类相关作品
  • 丛书相关作品
  • 出版社相关作品

书目信息

  • 表格格式
  • 工作单格式
  • 卡片格式
题名:
信息检索与文献利用
    
 
作者: 马转玲 , 杜占江 主编
分册:  
出版信息: 保定   河北大学出版社  2012
页数: 371页
开本: 21cm
丛书名:
单 册:
中图分类: G254.9 , G252 , S685.11
科图分类:
主题词: 情报检索 , 文献利用 , 观赏园艺 , 花卉 , 园林树木
电子资源:
ISBN: 978-7-5666-0113-1
000 01077nam0 2200313 450
001 3004
005 20161207150103.48
005 20130324102759
010    @a978-7-5666-0113-1@dCNY28.00
100    @a20120821d2012 em y0chiy50 ea
101 0  @achi
102    @aCN@b130000
105    @ay z 000yy
200 1  @a信息检索与文献利用@9xin xi jian suo yu wen xian li yong@f马转玲,杜占江主编
210    @a保定@c河北大学出版社@d2012
215    @a371页@d21cm
330    @a本书介绍了信息检索的基本知识与基本理论,以图文的方式介绍了网络信息资源、图书、常用中外文数据库、特种文献的特征与检索方法,同时本书还从提高大学生信息素养的角度,对信息利用过程中所涉及的文献传递服务、学术论文写作、文献引用与学术规范都做了介绍。
606 0  @a情报检索
606 0  @a文献利用
606 0  @a观赏园艺
606 0  @a花卉
606 0  @a园林树木
690    @aG254.9@v5
690    @aG252@v5
690    @aS685.11@v4
701  0 @a马转玲@9ma zhuan ling@4主编
701  0 @a杜占江@9du zhan jiang@4主编
801  0 @aCN@b大连网信软件有限公司图书馆·11@c20161207
905    @aZUCC@dG254.9@e130
    
    信息检索与文献利用/马转玲,杜占江主编.-保定:河北大学出版社,2012
    371页;21cm
    
    
    ISBN 978-7-5666-0113-1:CNY28.00
    本书介绍了信息检索的基本知识与基本理论,以图文的方式介绍了网络信息资源、图书、常用中外文数据库、特种文献的特征与检索方法,同时本书还从提高大学生信息素养的角度,对信息利用过程中所涉及的文献传递服务、学术论文写作、文献引用与学术规范都做了介绍。
●
相关链接 在E读中查询图书 在五车中查询图书 在当当中查询图书 在豆瓣中查询图书


正题名:信息检索与文献利用     索取号:G254.9/130         预约/预借

序号 登录号 条形码 馆藏地/架位号 状态 备注
1 912498   209124981   第一样本阅览室/ [索取号:G254.9/130] 在馆    
2 912499   209124990   第四借阅区/ [索取号:G254.9/130] 在馆    
3 912500   209125007   第四借阅区/ [索取号:G254.9/130] 在馆    
4 912501   209125016   第四借阅区/ [索取号:G254.9/130] 在馆    
唐山师范学院图书馆 欢迎您!
大连网信软件有限公司© 版权所有